000
00306nam a22001337a 4500
008
171030b xxu||||| |||| 00| 0 eng d
020
_a
9781881273387
041
_a
eng
080
_a
336
100
_a
56
101
_a
FIN
245
_a
THE WORLD'S EASIEST GUIDE TO FINANCES
_c
BURKETT,L
942
_2
udc
_c
BK
999
_c
36313
_d
36313